00707nam a2200205Ia 450000500170000000800410001702000160005804000180007404100080009208200270010010000220012724500980014925000120024726000560025930000260031565000400034165000440038165000540042570000220047920220910095424.0210716s1986 xx 000 0 und d a08769240210 cAIMIT LIBRARY aeng a620.00420285 21bGROM aGroover,Mikell P. aCAD/CAM: bcomputer aided design and manufacturing /cBy Mikell P Groover and Emory W Zimmers a1st ed. aNew Delhi :bPrentice Hall of India PVt Ltd,c1986. axix,489p. ;c23.5 cm. aComputers the foundation of CAD/CAM aNumerical control the beginnings of CAM aComputer intergated production management systems aZimmers, Emory W.